[Event "BL2 West 0809 (Women)"]
[Site "Germany"]
[Date "2008.11.08"]
[Round "1.6"]
[White "Amirezaishvili, Maia"]
[Black "Weidemann, Leandra Marie"]
[Result "1-0"]
[WhiteElo "1617"]
[BlackElo "865"]
[PlyCount "35"]
[EventDate "2008.11.08"]
[EventType "team-tourn"]
[EventRounds "7"]
[EventCountry "GER"]
[SourceTitle "EXT 2010"]
[Source "ChessBase"]
[SourceDate "2010.11.25"]
[SourceVersion "1"]
[SourceVersionDate "2010.11.25"]
[SourceQuality "1"]
[WhiteTeam "Steinfurt (W)"]
[BlackTeam "Erftstadt SV (W)"]
[WhiteTeamCountry "GER"]
[BlackTeamCountry "GER"]

1. e4 e5 2. Nf3 Nc6 3. Bb5 Nf6 4. 0-0 Be7 5. Nc3 0-0 6. Bxc6 bxc6 7. Nxe5 Bb4 8. Qf3 d6 9. Nxc6 Qd7 10. Nxb4 Bb7 11. Nbd5 Nxd5 12. Nxd5 Ba6 13. d3 Bb7 14. Nf6+ gxf6 15. Bh6 Rfe8 16. Qg3+ Qg4 17. Qxg4+ Kh8 18. Qg7# 1-0